| 000 | 01222nam0a22002771 4500 | ||
|---|---|---|---|
| 001 | rc\88344 | ||
| 005 | 20250620174924.0 | ||
| 010 |
_a5-292-01702-7 _9300 |
||
| 035 | _a(NLR Aleph) 005355486 | ||
| 090 |
_a6842408 _c6842408 |
||
| 100 | _a20021216d1992 |||y0rusy50 ca | ||
| 101 | 0 | _arus | |
| 102 | _aRU | ||
| 105 | _ay ||||||||| | ||
| 200 | 1 |
_aПути совершенствования общеобразовательной школы _eМатериалы IX Обл. пед. чтений _f[Редкол.: Л.Г. Вяткин (отв. ред.) и др.] |
|
| 210 |
_aСаратов _cИзд-во Сарат. ун-та _d1992 |
||
| 215 |
_a134, [1] с. _d20 |
||
| 300 | _aВ надзаг.: Сарат. обл. упр. образования, Сарат. обл. ин-т усоверш. учителей, Сарат. гос. ун-т им. Н.Г. Чернышевского | ||
| 702 | 1 |
_4340 _7ca _8rus _aВяткин _bЛ. Г. _f1933-2005 _gЛеонид Григорьевич _9261431 _3RU\NLR\AUTH\770261487 |
|
| 712 | 1 | 2 |
_aСаратовские обл. пед. чтения _f9 _e1992; |
| 801 | 0 |
_aRU _bNLR _gpsbo |
|
| 801 | 1 |
_aRU _bELAR _2rusmarc |
|
| 852 |
_aNLR _j92-3/7380 |
||
| 942 | _cBOOK | ||
| 980 | _aNB | ||